| 000 | 00546nam a2200181Ia 4500 | ||
|---|---|---|---|
| 008 | 150610s9999 xx 000 0 und d | ||
| 020 | _a9780545433471 (pbk.) | ||
| 050 |
_aPZ7 _b.N5672 F34 2012 |
||
| 100 | _aNielsen, Jennifer A. | ||
| 245 | 4 |
_aThe false prince / _cJennifer A. Nielsen. |
|
| 260 |
_aNew York : _bScholastic Press, _c2012. |
||
| 300 |
_a342pages ; _c21 cm. |
||
| 520 | _aFiction. | ||
| 650 |
_aCourts and courtiers _bFiction |
||
| 650 |
_aOrphans _xFiction. |
||
| 650 |
_aPrinces _xFiction. |
||
| 650 |
_aSecrets _bFiction. |
||
| 999 |
_c287922 _d287922 |
||